000 00609nam a22001937a 4500
005 20100804141750.0
010 _aENG-98156
020 _a9789380211367
_c65.00
035 _aEN-81689
037 _bDBAD/PUB
082 _a543
100 _aKalaivani, K.
_96653
245 _aAnalytical chemistry /
_cby K.Kalaivani
260 _aPollachi
_bEthriveliyedu
_c2008
270 _a305,Police Station Road
_bPollachi
_e642001
300 _a101p.
_c25cm (pbk)
942 _2ddc
_cEN
_h543
_mKAL
999 _c39250
_d39250